Central Library OPAC University of Rajshahi

The changing structure of industrial finance in India : (Record no. 16179)

MARC details
000 -LEADER
fixed length control field 00679nam a2200217 a 4500
001 - CONTROL NUMBER
control field 16179
003 - CONTROL NUMBER IDENTIFIER
rucl marc code BD-RjUL
005 - DATE AND TIME OF LATEST TRANSACTION
control field 20211208235953.0
008 - FIXED-LENGTH DATA ELEMENTS--GENERAL INFORMATION
fixed length control field 140211s1969 enk b 001 0 eng
035 ## - SYSTEM CONTROL NUMBER
System control number (BD-RjUL)16234
040 ## - CATALOGING SOURCE
Original cataloging agency LC
Language of cataloging eng
Transcribing agency LC
Modifying agency BD-RjUL
041 ## - LANGUAGE CODE
Language code of text/sound track or separate title eng
082 04 - DEWEY DECIMAL CLASSIFICATION NUMBER
Classification number 332.0954
Author mark and year GUC 1969
Edition number 23
100 1# - MAIN ENTRY--PERSONAL NAME
Personal name Gupta, L. C.
Fuller form of name (Lakshmi Chandra),
Dates associated with a name 1930-
9 (RLIN) 50069
245 14 - TITLE STATEMENT
Title The changing structure of industrial finance in India :
Remainder of title the impact of institutional finance /
Statement of responsibility, etc. L. C. Gupta.
260 ## - PUBLICATION, DISTRIBUTION, ETC. (IMPRINT)
Place of publication, distribution, etc. Oxford :
Name of publisher, distributor, etc. Clarendon P.,
Date of publication, distribution, etc. 1969.
300 ## - PHYSICAL DESCRIPTION
Pagination xv, 182 p. ;
Size 25 cm.
504 ## - BIBLIOGRAPHY, ETC. NOTE
Bibliography, etc Bibliography: p. [171]-175.
650 #0 - SUBJECT ADDED ENTRY--TOPICAL TERM
Topical term or geographic name as entry element Finance
Geographic subdivision India.
9 (RLIN) 50070
942 ## - ADDED ENTRY ELEMENTS (KOHA)
Source of classification or shelving scheme Dewey Decimal Classification
Koha item type Books
Holdings
Lost status Source of classification or shelving scheme Damaged status Not for loan Collection code Permanent Location Current Location Shelving location Date acquired Source of acquisition Cost, normal purchase price Total Checkouts Full call number Date last seen Copy number Koha item type
  Dewey Decimal Classification   Not For Loan Non-fiction Central Library, University of Rajshahi Central Library, University of Rajshahi Reading Room 09/07/1974 India Govt 0.00   332.0954 GUC 1969 11/02/2014 C-1 Books
  Dewey Decimal Classification     Non-fiction Central Library, University of Rajshahi Central Library, University of Rajshahi   19/07/1971 Zeitlinger 45.00   332.0954 GUC 1969 15/05/2019 C-2 Books
  Dewey Decimal Classification     Non-fiction Central Library, University of Rajshahi Central Library, University of Rajshahi   19/07/1971 Zeitlinger 45.00   332.0954 GUC 1969 15/05/2019 C-3 Books
  Dewey Decimal Classification     Non-fiction Central Library, University of Rajshahi Central Library, University of Rajshahi   19/07/1971 Zeitlinger 45.00   332.0954 GUC 1969 15/05/2019 C-4 Books
  Dewey Decimal Classification     Non-fiction Central Library, University of Rajshahi Central Library, University of Rajshahi   11/04/1970 Pak, Book Centre 33.75   332.0954 GUC 1969 15/05/2019 C-5 Books
  Dewey Decimal Classification     Non-fiction Central Library, University of Rajshahi Central Library, University of Rajshahi   11/04/1970 Pak, Book Centre 33.75   332.0954 GUC 1969 15/05/2019 C-6 Books
  Dewey Decimal Classification     Non-fiction Central Library, University of Rajshahi Central Library, University of Rajshahi   11/04/1970 Pak, Book Centre 33.75   332.0954 GUC 1969 15/05/2019 C-7 Books